• 首页
  • 本馆介绍
  • 公告通知
  • 最新文献
  • 馆藏检索
  • 电子资源
  • 读者导购
  • 参考咨询
  • 我的图书馆
  • 登录
  • 详细信息显示
  • 放入我的书架
  • 预约/预借图书
  • 作者相关作品
  • 分类相关作品
  • 丛书相关作品
  • 出版社相关作品

书目信息

  • 表格格式
  • 工作单格式
  • 卡片格式
题名:
农业微生物学实验技术
    
 
作者: 丁延芹 , 杜秉海 , 余之和 主编
分册:  
出版信息: 北京   中国农业大学出版社  2014.04
页数: 157页
开本: 26cm
丛书名:
单 册:
中图分类: S182-33
科图分类:
主题词: 农业--nong ye--应用微生物学--实验技术--高等学校--教材
电子资源:
ISBN: 978-7-5655-0900-1
000 01153nam0 2200289 450
001 0106081927
005 20201109093349.61
010    @a978-7-5655-0900-1@dCNY33.00
100    @a20140702e20202014em y0chiy50 ea
101 0  @achi
102    @aCN@b110000
105    @aa z 000yy
106    @ar
200 1  @a农业微生物学实验技术@Anong ye wei sheng wu xue shi yan ji shu@dExperiment of agricultural microbiology@f丁延芹, 杜秉海, 余之和主编@zeng
205    @a2版
210    @a北京@c中国农业大学出版社@d2014.04@h2020.03
215    @a157页@c图@d26cm
300    @a全国高等农林院校生物科学类专业“十二五”规划系列教材
330    @a本书分为8个部分,包括微生物学实验准备、微生物形态研究技术、微生物培养技术、微生物分类与鉴定技术、微生物育种技术、免疫学技术、微生物生态学实验技术和农业微生物学应用技术。
510 1  @aExperiment of agricultural microbiology@zeng
606 0  @a农业@Anong ye@x应用微生物学@x实验技术@x高等学校@j教材
690    @aS182-33@v5
701  0 @a丁延芹@Ading yan qin@4主编
701  0 @a杜秉海@Adu bing hai@4主编
701  0 @a余之和@Ayu zhi he@4主编
801  0 @aCN@bBJSZM@c20201106
905    @b1194976-9@dS182-33@e128=2@f4
    
    农业微生物学实验技术=Experiment of agricultural microbiology/丁延芹, 杜秉海, 余之和主编.-2版.-北京:中国农业大学出版社,2014.04(2020.03)
    157页:图;26cm
    全国高等农林院校生物科学类专业“十二五”规划系列教材
    
    ISBN 978-7-5655-0900-1:CNY33.00
    本书分为8个部分,包括微生物学实验准备、微生物形态研究技术、微生物培养技术、微生物分类与鉴定技术、微生物育种技术、免疫学技术、微生物生态学实验技术和农业微生物学应用技术。
●
相关链接 在E读中查询图书 在五车中查询图书 在当当中查询图书 在豆瓣中查询图书


正题名:农业微生物学实验技术     索取号:S182-33/128=2         预约/预借

序号 登录号 条形码 馆藏地/架位号 状态 备注
1 1194976   211949766   第二样本阅览室/ [索取号:S182-33/128=2] 在馆    
2 1194977   211949775   第三借阅区/ [索取号:S182-33/128=2] 在馆    
3 1194978   211949784   第三借阅区/ [索取号:S182-33/128=2] 在馆    
4 1194979   211949793   第三借阅区/ [索取号:S182-33/128=2] 在馆    
唐山师范学院图书馆 欢迎您!
大连网信软件有限公司© 版权所有